00387nam a2200133Ia 4500082001300000245007200013260003600085300001000121504001900131650003900150650001900189650002400208700002100232 a306 INS; 0aInstitution building and development: from concepts to application aLondonbSage Publicationsc1972 a271p. aIncludes index aInstitution building - Methodology aSocial systems aSocial institutions aEaton, Joseph W.